[Event "2nd American Continental"]
[Site "Buenos Aires ARG"]
[Date "2003.08.19"]
[Round "3"]
[White "Wojtkiewicz, Aleksander"]
[Black "Lemos, Damian"]
[Result "1-0"]
[WhiteElo "2543"]
[BlackElo "2206"]
[EventDate "2003.08.17"]
[PlyCount "81"]

1.Nf3 Nf6 2.c4 g6 3.g3 Bg7 4.d4 O-O 5.Bg2 d6 6.O-O Nc6 7.Nc3 a6 8.b3 Rb8 
9.Nd5 e5 10.dxe5 Nxd5 11.cxd5 Nxe5 12.Nd4 c5 13.dxc6 Nxc6 14.Bb2 Nxd4 15.
Bxd4 Bxd4 16.Qxd4 Qe7 17.e3 Be6 18.Rfd1 Rfd8 19.Rd2 Rbc8 20.Rad1 d5 21.h4 
h5 22.Bf3 Rc7 23.Qe5 f6 24.Qb2 Rcd7 25.Rd4 Kg7 26.b4 Bf7 27.Qd2 Be6 28.a4 
Kh7 29.a5 Kg7 30.Rc1 Bf7 31.Rc5 Be6 32.Qc3 Bf7 33.Be2 Be6 34.b5 axb5 35.
Rxb5 Rc7 36.Qb2 Rdd7 37.Bf3 Qd6 38.Qb3 Qc6 39.Bxd5 Bxd5 40.Rbxd5 Rxd5 41.
Rxd5 1-0

[Event "2nd American Continental"]
[Site "Buenos Aires ARG"]
[Date "2003.08.21"]
[Round "4"]
[White "Aguilar, Mauricio"]
[Black "Arambel, Sergio Javier"]
[Result "0-1"]
[WhiteElo "2133"]
[BlackElo "2245"]
[EventDate "2003.08.17"]
[PlyCount "56"]

1.e4 c5 2.d4 cxd4 3.Bc4 e6 4.f4 d5 5.exd5 exd5 6.Bd3 Qh4+ 7.g3 Qe7+ 8.Kf2 
Nf6 9.Nf3 Ne4+ 10.Bxe4 dxe4 11.Nxd4 Nd7 12.Nc3 Nf6 13.Re1 Bg4 14.Qd2 O-O-O
15.Ncb5 b6 16.Qc3+ Qc5 17.Nxa7+ Kb7 18.Nc6 Rc8 19.Ne5 Qd5 20.Qe3 Bc5 21.c3
Bxd4 22.cxd4 Rc2+ 23.Bd2 Qa5 24.Nc4 Qb4 25.b3 Bf3 26.Kg1 Ng4 27.Qxf3 exf3 
28.Bxb4 Rg2+ 0-1

[Event "2nd American Continental"]
[Site "Buenos Aires ARG"]
[Date "2003.08.21"]
[Round "4"]
[White "Andrade, Roberto Luiz Costa"]
[Black "Kaidanov, Gregory"]
[Result "0-1"]
[WhiteElo "2309"]
[BlackElo "2638"]
[EventDate "2003.08.17"]
[PlyCount "76"]

1.e4 e5 2.Nf3 Nc6 3.Nc3 Nf6 4.d4 exd4 5.Nd5 Be7 6.Bf4 d6 7.Nxd4 Nxd5 8.
exd5 Nxd4 9.Qxd4 O-O 10.O-O-O Bf6 11.Qd2 a5 12.Bb5 c6 13.Bd3 cxd5 14.Be3 
d4 15.Bf4 Be6 16.Kb1 Qb6 17.Bg5 Bxg5 18.Qxg5 Rfc8 19.Rhe1 a4 20.Qh4 g6 21.
a3 Qc5 22.Qf6 d5 23.Re5 Rc6 24.Rde1 b5 25.h4 Rf8 26.h5 Bf5 27.Qe7 Qxe7 28.
Rxe7 Bxd3 29.cxd3 gxh5 30.R7e5 Re6 31.Rg5+ Rg6 32.Rxh5 Rxg2 33.Rxd5 Rxf2 
34.Rxd4 Rc8 35.Rg4+ Kf8 36.Rb4 Rc5 37.d4 Rg5 38.Re5 Rg1+ 0-1

[Event "2nd American Continental"]
[Site "Buenos Aires ARG"]
[Date "2003.08.21"]
[Round "4"]
[White "Benko, Francisco"]
[Black "Urchipia, Carlos Daniel"]
[Result "1/2-1/2"]
[WhiteElo "2142"]
[BlackElo "2173"]
[EventDate "2003.08.17"]
[PlyCount "31"]

1.e4 c6 2.d4 d5 3.exd5 cxd5 4.c4 Nf6 5.Nc3 g6 6.Qb3 Bg7 7.cxd5 O-O 8.Be2 
Qb6 9.Bf3 Na6 10.Nge2 Rd8 11.Bf4 Qxb3 12.axb3 Nb4 13.O-O Nfxd5 14.Nxd5 
Nxd5 15.Bg3 Be6 16.Rfd1 1/2-1/2

[Event "2nd American Continental"]
[Site "Buenos Aires ARG"]
[Date "2003.08.21"]
[Round "4"]
[White "Bibiloni, Jorge Jaime"]
[Black "Dorin, Mauricio"]
[Result "0-1"]
[WhiteElo "2203"]
[BlackElo "2395"]
[EventDate "2003.08.17"]
[PlyCount "128"]

1.e4 c5 2.d3 Nc6 3.f4 e6 4.Nf3 d5 5.Qe2 Be7 6.g3 Nf6 7.Bg2 dxe4 8.dxe4 O-O
9.O-O b6 10.Rd1 Qc7 11.e5 Nd7 12.Nc3 a6 13.Ne4 Rd8 14.Nd6 Nf8 15.Nxc8 
Rxd1+ 16.Qxd1 Rxc8 17.Be3 Nb4 18.Qe2 c4 19.a3 Nd5 20.Bd4 b5 21.c3 Nd7 22.
f5 Nc5 23.Rf1 h6 24.Nd2 Bg5 25.Ne4 Nxe4 26.Bxe4 Qd7 27.h4 Be7 28.Qg4 Nc7 
29.fxe6 Nxe6 30.Qf5 Bc5 31.Qh7+ Kf8 32.Bxc5+ Rxc5 33.Bg6 Nd8 34.Qh8+ Ke7 
35.Qxg7 Qe6 36.Qf6+ Qxf6 37.exf6+ Ke6 38.Be4 Re5 39.Bg2 Kd6 40.Bh3 Ne6 41.
Rd1+ Kc7 42.Bg4 Nc5 43.Bf3 Nd3 44.Rd2 Re3 45.Bh5 Rxg3+ 46.Kh2 Re3 47.Bxf7 
Rf3 48.Bg8 Rxf6 49.Bd5 Kd6 50.Be4 Ke5 51.Bxd3 cxd3 52.Rxd3 Rf2+ 53.Kg3 
Rxb2 54.Kg4 Ra2 55.Re3+ Kd6 56.Rf3 Rxa3 57.Rf6+ Kd5 58.Rxh6 a5 59.Ra6 a4 
60.h5 Rxc3 61.h6 a3 62.h7 Rc8 63.Rh6 a2 64.Ra6 Kc4 0-1

[Event "2nd American Continental"]
[Site "Buenos Aires ARG"]
[Date "2003.08.21"]
[Round "4"]
[White "Bielicki, Carlos"]
[Black "Bentancor, Franco German"]
[Result "0-1"]
[WhiteElo "2289"]
[BlackElo "2177"]
[EventDate "2003.08.17"]
[PlyCount "66"]

1.d4 Nf6 2.c4 g6 3.g3 Bg7 4.Bg2 O-O 5.Nc3 d6 6.Nf3 Nc6 7.O-O a6 8.Bg5 Bg4 
9.Rc1 Nd7 10.d5 Bxf3 11.exf3 Nd4 12.Re1 Re8 13.Re4 h6 14.Be3 e5 15.dxe6 
Nxe6 16.Bd2 c6 17.Re1 Ne5 18.Bf1 Nd4 19.Re3 d5 20.cxd5 cxd5 21.b3 Ndc6 22.
Re1 Nb4 23.Ra1 Rc8 24.f4 d4 25.Ne4 Ned3 26.Bxb4 Nxb4 27.Bc4 b5 28.a3 bxc4 
29.axb4 d3 30.Rxa6 Rxe4 31.Rxe4 c3 32.Rc4 Rxc4 33.bxc4 c2 0-1

[Event "2nd American Continental"]
[Site "Buenos Aires ARG"]
[Date "2003.08.21"]
[Round "4"]
[White "Cordero, Alfredo"]
[Black "Hernandez Lagos, Hector"]
[Result "1-0"]
[WhiteElo "2323"]
[BlackElo "2200"]
[EventDate "2003.08.17"]
[PlyCount "75"]

1.e4 c5 2.Nf3 d6 3.Be2 e6 4.O-O Nf6 5.d3 Nc6 6.c3 Be7 7.Nbd2 O-O 8.d4 cxd4
9.cxd4 d5 10.e5 Ne4 11.Bd3 Nxd2 12.Bxd2 f5 13.exf6 Bxf6 14.Bc3 Bd7 15.Qe2 
Qe8 16.Rfe1 Qh5 17.h3 Rac8 18.Qe3 a6 19.Ne5 Nxe5 20.dxe5 Be7 21.Bd4 Be8 
22.Be2 Qf5 23.a3 Bg6 24.Bg4 Qf7 25.Rac1 h6 26.Qb3 b5 27.a4 Rc4 28.Bb6 Rb4 
29.Qc3 Rc4 30.Qd2 Bh5 31.Bxh5 Qxh5 32.axb5 axb5 33.Rxc4 bxc4 34.Qa5 Qf5 
35.Qa7 Bh4 36.Bd4 Bg5 37.Rf1 Bh4 38.Kh2 1-0

[Event "2nd American Continental"]
[Site "Buenos Aires ARG"]
[Date "2003.08.21"]
[Round "4"]
[White "Crosa Coll, Martin"]
[Black "Felgaer, Ruben"]
[Result "1/2-1/2"]
[WhiteElo "2412"]
[BlackElo "2551"]
[EventDate "2003.08.17"]
[PlyCount "35"]

1.e4 c5 2.Nf3 Nc6 3.d4 cxd4 4.Nxd4 Nf6 5.Nc3 e5 6.Ndb5 d6 7.Bg5 a6 8.Bxf6 
gxf6 9.Na3 b5 10.Nd5 f5 11.exf5 Bxf5 12.c3 Bg7 13.Nc2 Be6 14.Nce3 O-O 15.
Bd3 f5 16.Bc2 f4 17.Qh5 Rf7 18.Bxh7+ 1/2-1/2

[Event "2nd American Continental"]
[Site "Buenos Aires ARG"]
[Date "2003.08.21"]
[Round "4"]
[White "Delgado, Alberto"]
[Black "Sorin, Ariel"]
[Result "0-1"]
[WhiteElo "2310"]
[BlackElo "2519"]
[EventDate "2003.08.17"]
[PlyCount "68"]

1.e4 e5 2.Nf3 Nc6 3.Bc4 Bc5 4.c3 Nf6 5.d3 d6 6.Bb3 a6 7.Nbd2 Ba7 8.Nf1 Ne7
9.Be3 Ng6 10.Bxa7 Rxa7 11.Ne3 O-O 12.O-O Ra8 13.Re1 Ng4 14.Qd2 Nf4 15.d4 
Qf6 16.Nd5 Nxd5 17.exd5 exd4 18.cxd4 Bd7 19.Rac1 Rac8 20.Qb4 b6 21.Ba4 a5 
22.Qb3 Bxa4 23.Qxa4 Qf5 24.Re7 Nf6 25.Qc2 Qxc2 26.Rxc2 Nxd5 27.Rd7 Rfe8 
28.Kf1 h6 29.a3 Kf8 30.Nd2 Re6 31.Nc4 Ke8 32.Rxd6 cxd6 33.Nxd6+ Rxd6 34.
Rxc8+ Rd8 0-1

[Event "2nd American Continental"]
[Site "Buenos Aires ARG"]
[Date "2003.08.21"]
[Round "4"]
[White "Demaria, Juan Pablo"]
[Black "Needleman, Alejandro"]
[Result "0-1"]
[WhiteElo "2242"]
[BlackElo "2434"]
[EventDate "2003.08.17"]
[PlyCount "100"]

1.e4 c5 2.Nf3 e6 3.c3 d6 4.d4 Nd7 5.Bd3 Ngf6 6.O-O e5 7.b4 cxd4 8.cxd4 Be7
9.Bb2 O-O 10.Nbd2 exd4 11.Bxd4 Ne5 12.Bxe5 dxe5 13.Qb3 Bxb4 14.Qxb4 Qxd3 
15.Nxe5 Qe2 16.Rfe1 Qh5 17.Ndf3 a5 18.Qb6 Ng4 19.Nd3 Ra6 20.Qc7 Rc6 21.Qg3
Rc2 22.e5 Qg6 23.Nh4 Qb6 24.h3 Nh6 25.Nf4 Nf5 26.Nxf5 Bxf5 27.Nd5 Qe6 28.
Qf3 Bg6 29.a4 Rd2 30.Nf4 Qb6 31.Rac1 Bc2 32.Nd5 Qd4 33.Ne7+ Kh8 34.e6 f5 
35.Re3 g6 36.Qxb7 Rxf2 37.Nxg6+ hxg6 38.e7 Re8 39.Qb5 Bxa4 40.Qe5+ Qxe5 
41.Rxe5 Rc2 42.Rce1 Kg7 43.g4 f4 44.R1e4 Bc6 45.Rxf4 a4 46.Re3 a3 47.Rxa3 
Rxe7 48.Ra1 Rg2+ 49.Kf1 Rh2 50.Ra3 Rb7 0-1

[Event "2nd American Continental"]
[Site "Buenos Aires ARG"]
[Date "2003.08.21"]
[Round "4"]
[White "Dobson Aguilar, Luis"]
[Black "Garcia Palermo, Carlos"]
[Result "1/2-1/2"]
[WhiteElo "2330"]
[BlackElo "2443"]
[EventDate "2003.08.17"]
[PlyCount "47"]

1.e4 c6 2.d4 d5 3.e5 Bf5 4.Nc3 a6 5.Be3 e6 6.g4 Bg6 7.Nge2 f6 8.exf6 gxf6 
9.f4 Bd6 10.Ng3 Qe7 11.Qd2 h5 12.f5 hxg4 13.O-O-O Bxg3 14.fxg6 f5 15.Bg5 
Nf6 16.Bxa6 Bh4 17.Bxh4 Rxh4 18.Bxb7 Qxb7 19.Qe1 Rh5 20.Qxe6+ Qe7 21.Qc8+ 
Qd8 22.Qe6+ Qe7 23.Qc8+ Qd8 24.Qe6+ 1/2-1/2

[Event "2nd American Continental"]
[Site "Buenos Aires ARG"]
[Date "2003.08.21"]
[Round "4"]
[White "Dominguez Perez, Leinier"]
[Black "Milos, Gilberto"]
[Result "1/2-1/2"]
[WhiteElo "2610"]
[BlackElo "2592"]
[EventDate "2003.08.17"]
[PlyCount "42"]

1.e4 c6 2.d4 d5 3.Nd2 dxe4 4.Nxe4 Bf5 5.Ng3 Bg6 6.h4 h6 7.Nf3 Nd7 8.h5 Bh7
9.Bd3 Bxd3 10.Qxd3 e6 11.Bf4 Qa5+ 12.Bd2 Qc7 13.O-O-O Ngf6 14.Ne4 O-O-O 
15.g3 Be7 16.Kb1 c5 17.Bf4 Qc6 18.Nxf6 Bxf6 19.d5 exd5 20.Qxd5 Ne5 21.
Qxc6+ Nxc6 1/2-1/2

[Event "2nd American Continental"]
[Site "Buenos Aires ARG"]
[Date "2003.08.21"]
[Round "4"]
[White "Santos, Francisco Jose dos"]
[Black "Di Diego, Osvaldo"]
[Result "1-0"]
[WhiteElo "2193"]
[BlackElo "2061"]
[EventDate "2003.08.17"]
[PlyCount "23"]

1.Nf3 f5 2.e4 fxe4 3.Ng5 Nf6 4.d3 exd3 5.Bxd3 d6 6.Nxh7 Be6 7.Bg6+ Kd7 8.
Ng5 Bg8 9.Qf3 c6 10.Nc3 Kc7 11.Bf7 Qd7 12.Ne6+ 1-0

[Event "2nd American Continental"]
[Site "Buenos Aires ARG"]
[Date "2003.08.21"]
[Round "4"]
[White "Duarte, Leonardo"]
[Black "Dolezal, Cristian"]
[Result "1/2-1/2"]
[WhiteElo "2207"]
[BlackElo "2410"]
[EventDate "2003.08.17"]
[PlyCount "112"]

1.e4 g6 2.d4 Bg7 3.Nf3 c5 4.Nc3 Qa5 5.Be2 Nc6 6.d5 Nd4 7.O-O Nxe2+ 8.Qxe2 
Bxc3 9.bxc3 b6 10.Bb2 Ba6 11.c4 f6 12.Qe3 Bxc4 13.Rfd1 O-O-O 14.e5 Qb5 15.
Rdb1 Qa4 16.exf6 Nxf6 17.Qxe7 Nxd5 18.Qd6 Rhe8 19.Be5 Kb7 20.Qxc5 Qc6 21.
Qd4 d6 22.Bg3 Qc5 23.Rd1 Qxd4 24.Rxd4 b5 25.Rh4 h5 26.a4 a6 27.axb5 axb5 
28.Nd2 Nb6 29.Rd4 d5 30.Nf3 Ra8 31.Rxa8 Rxa8 32.h4 Ra2 33.Rd2 Nd7 34.c3 
Ra1+ 35.Kh2 Rc1 36.Ne5 Nf6 37.f3 Rxc3 38.Nxg6 Rd3 39.Rb2 d4 40.Ne5 Rb3 41.
Rxb3 Bxb3 42.Bf2 Nd5 43.Bxd4 Nf4 44.Be3 Nd5 45.Bd2 Kc7 46.g4 Kd6 47.Nf7+ 
Ke7 48.Ng5 hxg4 49.fxg4 Bd1 50.Kg3 b4 51.Bc1 Nc3 52.Bb2 Na4 53.Bd4 b3 54.
h5 b2 55.Bxb2 Nxb2 56.Ne4 Nd3 1/2-1/2

[Event "2nd American Continental"]
[Site "Buenos Aires ARG"]
[Date "2003.08.21"]
[Round "4"]
[White "Estay Torreblanca, Oscar"]
[Black "Cubas, Jose Fernando"]
[Result "0-1"]
[WhiteElo "2231"]
[BlackElo "2419"]
[EventDate "2003.08.17"]
[PlyCount "60"]

1.e4 e6 2.d4 d5 3.Nc3 Bb4 4.e5 c5 5.a3 Ba5 6.b4 cxd4 7.Nb5 Bc7 8.f4 Ne7 9.
Nf3 Nbc6 10.Nbxd4 a6 11.Bd3 Bb6 12.Be3 Bd7 13.Qe2 Rc8 14.O-O Nxd4 15.Nxd4 
Ba4 16.f5 exf5 17.Nxf5 Nxf5 18.Rxf5 Bd7 19.Rf4 Qg5 20.Raf1 Bxe3+ 21.Qxe3 
O-O 22.Qd4 Rce8 23.Bf5 Bb5 24.R1f3 Qe7 25.Re3 g6 26.e6 Qd6 27.exf7+ Rxf7 
28.Rxe8+ Bxe8 29.Re4 Bb5 30.Be6 Qxe6 0-1

[Event "2nd American Continental"]
[Site "Buenos Aires ARG"]
[Date "2003.08.21"]
[Round "4"]
[White "Estrada Nieto, Julian"]
[Black "Burijovich, Liliana"]
[Result "1-0"]
[WhiteElo "2332"]
[BlackElo "2195"]
[EventDate "2003.08.17"]
[PlyCount "155"]

1.e4 c5 2.Nf3 e6 3.c3 d5 4.exd5 exd5 5.d4 Nc6 6.Bb5 Bd6 7.dxc5 Bxc5 8.O-O 
Ne7 9.Nbd2 Bg4 10.Nb3 Bb6 11.Re1 O-O 12.Be3 Bc7 13.Bc5 Re8 14.Nbd4 Bd6 15.
Bxc6 bxc6 16.Nxc6 Nxc6 17.Rxe8+ Qxe8 18.Bxd6 Rd8 19.Bc7 Rd7 20.Qa4 Bxf3 
21.Qxc6 Be4 22.Bf4 d4 23.Re1 dxc3 24.f3 g5 25.Qxc3 gxf4 26.fxe4 Qd8 27.Qf3
Qg5 28.Rc1 h5 29.h3 Kh7 30.Rd1 Qc5+ 31.Kh1 Rxd1+ 32.Qxd1 Kg6 33.b3 Qe3 34.
Qf3 Qc1+ 35.Kh2 Kg5 36.Qd3 Qc7 37.Qd5+ Kh6 38.e5 Qc3 39.Qe4 Qg3+ 40.Kh1 
Kg5 41.e6 f3 42.Qe3+ Kg6 43.Qxf3 Qe1+ 44.Kh2 Qxe6 45.Qg3+ Kh6 46.Qf4+ Kg6 
47.Qd4 Qe7 48.b4 Qc7+ 49.Kh1 Qc1+ 50.Qg1 Qa3 51.Qb1+ Kg5 52.b5 h4 53.Qc2 
f5 54.Qd2+ Kg6 55.Qf2 Kg5 56.Qe2 Qc1+ 57.Kh2 Qf4+ 58.Kg1 Qc1+ 59.Qf1 Qc5+ 
60.Kh1 Qa3 61.Qc4 Qe3 62.Qg8+ Kh5 63.Qh7+ Kg5 64.Qg7+ Kh5 65.a4 Qe1+ 66.
Kh2 Qe3 67.Qa1 Qb6 68.Qd1+ Kg6 69.Qd7 Qf2 70.Qd6+ Kg5 71.a5 f4 72.Qd5+ Kf6
73.Qf3 Qd4 74.b6 axb6 75.axb6 Kf5 76.b7 Qd6 77.Qh5+ Ke4 78.Qe8+ 1-0

[Event "2nd American Continental"]
[Site "Buenos Aires ARG"]
[Date "2003.08.21"]
[Round "4"]
[White "Ferrara, Alexis"]
[Black "Escobedo Tinajero, Alberto"]
[Result "1/2-1/2"]
[WhiteElo "2210"]
[BlackElo "2405"]
[EventDate "2003.08.17"]
[PlyCount "106"]

1.d4 d5 2.c4 c6 3.Nf3 Nf6 4.Nc3 e6 5.g3 Be7 6.Bg2 O-O 7.O-O Nbd7 8.b3 b6 
9.Bb2 Bb7 10.Nd2 Rb8 11.Rc1 c5 12.dxc5 bxc5 13.cxd5 exd5 14.Na4 Rc8 15.Qc2
Qa5 16.Rfd1 Qa6 17.e3 Rfd8 18.Nf3 Ne4 19.Ne5 Nxe5 20.Bxe5 Qe6 21.Bb2 f5 
22.Qe2 Ba6 23.Qe1 Bb5 24.Nc3 Be8 25.Ne2 Qa6 26.Ra1 Bh5 27.f3 Bf6 28.Bxf6 
Nxf6 29.Nf4 Bf7 30.Qf1 Qb6 31.Qd3 g6 32.Rac1 Re8 33.Qc3 a5 34.Re1 Rc6 35.
Nd3 Nd7 36.Qd2 Rce6 37.Nf4 Rd6 38.Rcd1 Ne5 39.Qf2 Qc6 40.Qc2 a4 41.Nd3 
Nxd3 42.Qxd3 axb3 43.axb3 Red8 44.Rc1 Qb6 45.Qc3 d4 46.Qxc5 d3 47.Qxb6 
Rxb6 48.Red1 d2 49.Rc2 Rbd6 50.Rb2 Rd3 51.Bf1 Rxb3 52.Rbxd2 Rxd2 53.Rxd2 
Rxe3 1/2-1/2

[Event "2nd American Continental"]
[Site "Buenos Aires ARG"]
[Date "2003.08.21"]
[Round "4"]
[White "Flores, Diego"]
[Black "Claverie, Raul"]
[Result "1-0"]
[WhiteElo "2439"]
[BlackElo "2303"]
[EventDate "2003.08.17"]
[PlyCount "61"]

1.e4 e6 2.d4 d5 3.Nd2 Nf6 4.e5 Nfd7 5.Bd3 c5 6.c3 Nc6 7.Ngf3 cxd4 8.cxd4 
Qb6 9.O-O Be7 10.a3 a5 11.Re1 a4 12.Qc2 g5 13.h3 h5 14.Nf1 g4 15.hxg4 hxg4
16.N3h2 Nxd4 17.Qd1 Nb3 18.Rb1 Nxc1 19.Qxc1 Qd4 20.Bb5 Kd8 21.Qc2 Nxe5 22.
Rbd1 Qf4 23.Re4 Qg5 24.Rc1 Bd6 25.Rxa4 Qh4 26.Rxa8 Nf3+ 27.gxf3 Bxh2+ 28.
Nxh2 Qxh2+ 29.Kf1 Qh1+ 30.Ke2 Qxf3+ 31.Ke1 1-0

[Event "2nd American Continental"]
[Site "Buenos Aires ARG"]
[Date "2003.08.21"]
[Round "4"]
[White "Frey Perez, Hugo"]
[Black "Chtcherbine, Andrei"]
[Result "1/2-1/2"]
[WhiteElo "2342"]
[BlackElo "2156"]
[EventDate "2003.08.17"]
[PlyCount "61"]

1.e4 c5 2.Nf3 Nc6 3.d4 cxd4 4.Nxd4 g6 5.c4 Bg7 6.Be3 Nf6 7.Nc3 Ng4 8.Qxg4 
Nxd4 9.Qd1 Ne6 10.Qd2 Qa5 11.Rc1 b6 12.Be2 Bb7 13.f3 h5 14.Kf2 g5 15.Rhd1 
d6 16.Nd5 Qxd2 17.Rxd2 h4 18.b4 Be5 19.c5 dxc5 20.bxc5 bxc5 21.Bb5+ Kf8 
22.Nxe7 Kxe7 23.Rd7+ Kf6 24.Rxb7 Bxh2 25.Bc4 Rhb8 26.Rcb1 Rxb7 27.Rxb7 Be5
28.Bxe6 fxe6 29.Bxc5 Rc8 30.Bxa7 Rc2+ 31.Kf1 1/2-1/2

[Event "2nd American Continental"]
[Site "Buenos Aires ARG"]
[Date "2003.08.21"]
[Round "4"]
[White "Giardelli, Sergio Carlos"]
[Black "Morovic Fernandez, Ivan"]
[Result "0-1"]
[WhiteElo "2437"]
[BlackElo "2573"]
[EventDate "2003.08.17"]
[PlyCount "52"]

1.c4 Nf6 2.Nf3 c6 3.e3 d5 4.Nc3 e6 5.b3 Nbd7 6.Qc2 Bd6 7.Bb2 O-O 8.Be2 Re8
9.h3 b6 10.g4 Ne5 11.Nxe5 Bxe5 12.f4 Bxc3 13.Qxc3 e5 14.d3 d4 15.exd4 exf4
16.Kf1 Re3 17.Qd2 c5 18.d5 Nxd5 19.cxd5 Qxd5 20.Rh2 Ba6 21.Qc3 f6 22.Bc1 
Re6 23.Bxf4 Rae8 24.Rd1 Rxe2 25.Rxe2 Qf3+ 26.Kg1 Rxe2 0-1

[Event "2nd American Continental"]
[Site "Buenos Aires ARG"]
[Date "2003.08.21"]
[Round "4"]
[White "Gomez Baillo, Jorge"]
[Black "Szmetan, Ricardo"]
[Result "1/2-1/2"]
[WhiteElo "2429"]
[BlackElo "2288"]
[EventDate "2003.08.17"]
[PlyCount "51"]

1.e4 c5 2.c3 g6 3.Nf3 Bg7 4.d4 cxd4 5.cxd4 d5 6.exd5 Nf6 7.Nc3 O-O 8.Bc4 
Nbd7 9.O-O Nb6 10.Bb3 Nfxd5 11.Re1 Bg4 12.h3 Bxf3 13.Qxf3 e6 14.Be3 Rc8 
15.Rac1 Nc4 16.Ne4 Ncxe3 17.Rxc8 Qxc8 18.fxe3 Qc6 19.Kh1 Ne7 20.g4 a5 21.
Ng5 Qxf3+ 22.Nxf3 Rc8 23.Kg2 b5 24.a4 bxa4 25.Bxa4 Nd5 26.Kf2 1/2-1/2

[Event "2nd American Continental"]
[Site "Buenos Aires ARG"]
[Date "2003.08.21"]
[Round "4"]
[White "Gurevich, Dmitry"]
[Black "Rosito, Jorge"]
[Result "1/2-1/2"]
[WhiteElo "2502"]
[BlackElo "2426"]
[EventDate "2003.08.17"]
[PlyCount "114"]

1.d4 Nf6 2.c4 d6 3.g3 c5 4.Nf3 cxd4 5.Nxd4 d5 6.Bg2 e5 7.Nf3 d4 8.O-O Nc6 
9.e3 d3 10.Nc3 Bb4 11.Bd2 O-O 12.a3 Bxc3 13.Bxc3 Re8 14.Nd2 Bg4 15.Qb3 Rb8
16.f3 Be6 17.a4 Nd7 18.g4 Qc7 19.Rf2 a5 20.h3 Nc5 21.Qa3 Qb6 22.b3 Na6 23.
Nf1 Nab4 24.Qb2 f6 25.Rd1 Rbd8 26.Kh1 Nc2 27.f4 exf4 28.Rxf4 Nxe3 29.Nxe3 
Qxe3 30.Rf3 Qh6 31.Qd2 Qh4 32.Qf4 Bf7 33.Rfxd3 Rxd3 34.Rxd3 h5 35.Qg3 Qxg3
36.Rxg3 h4 37.Rd3 Bg6 38.Rd7 Re3 39.Rxb7 Rxc3 40.Bxc6 Bc2 41.b4 axb4 42.
Rxb4 Rxh3+ 43.Kg2 Rg3+ 44.Kh2 Ra3 45.c5 Rc3 46.Rb5 Bxa4 47.Rb8+ Kh7 48.
Bxa4 Rxc5 49.Bd7 Ra5 50.Bc6 Ra3 51.Rb5 g6 52.Bg2 Ra1 53.Rb6 Kg7 54.Rc6 Re1
55.Bd5 Re2+ 56.Bg2 Re5 57.Rd6 Re3 1/2-1/2

[Event "2nd American Continental"]
[Site "Buenos Aires ARG"]
[Date "2003.08.21"]
[Round "4"]
[White "Iregui, Victor"]
[Black "Campitelli, Guillermo"]
[Result "0-1"]
[WhiteElo "2151"]
[BlackElo "2190"]
[EventDate "2003.08.17"]
[PlyCount "80"]

1.e4 c5 2.Nf3 Nc6 3.d4 cxd4 4.Nxd4 g6 5.c4 Nf6 6.Nc3 Nxd4 7.Qxd4 d6 8.Bg5 
Bg7 9.Qd2 O-O 10.Be2 Be6 11.f3 Qb6 12.Rc1 Rfc8 13.b3 a6 14.Be3 Qa5 15.O-O 
b5 16.Nd5 Qxd2 17.Bxd2 Nxd5 18.cxd5 Bd4+ 19.Kh1 Bd7 20.Bd3 Bb2 21.Rcd1 a5 
22.h3 a4 23.Rb1 Bc3 24.Rfd1 f5 25.Bg5 Kf7 26.bxa4 b4 27.exf5 Bxf5 28.g4 
Bxd3 29.Rxd3 Rxa4 30.Re3 Rc7 31.Re2 Rca7 32.Bh4 Rxa2 33.Re4 R2a5 34.Be1 
Rxd5 35.Bxc3 bxc3 36.Rc4 Rd3 37.Kg2 d5 38.Rc8 Ra2+ 39.Kg3 g5 40.h4 gxh4+ 
0-1

[Event "2nd American Continental"]
[Site "Buenos Aires ARG"]
[Date "2003.08.21"]
[Round "4"]
[White "Jorge, Cristian"]
[Black "Markzon, Gregory"]
[Result "0-1"]
[WhiteElo "2148"]
[BlackElo "2267"]
[EventDate "2003.08.17"]
[PlyCount "50"]

1.e4 c5 2.Nf3 Nc6 3.c3 Nf6 4.d3 g6 5.g3 Bg7 6.Bg2 O-O 7.O-O d6 8.h3 Rb8 9.
Be3 b6 10.Nbd2 Ba6 11.Qc2 Rc8 12.c4 Ne8 13.a3 Bb7 14.Rae1 e5 15.Nh2 Nd4 
16.Bxd4 cxd4 17.f4 f5 18.Qb3 Kh8 19.Nhf3 fxe4 20.Nxe4 exf4 21.gxf4 Nc7 22.
Neg5 Na6 23.Nxh7 Kxh7 24.Ng5+ Kh8 25.Bxb7 Re8 0-1

[Event "2nd American Continental"]
[Site "Buenos Aires ARG"]
[Date "2003.08.21"]
[Round "4"]
[White "Kanefsck, Gustavo"]
[Black "Ojeda, Hernan"]
[Result "1-0"]
[WhiteElo "2389"]
[BlackElo "2226"]
[EventDate "2003.08.17"]
[PlyCount "125"]

1.e4 c6 2.d4 d5 3.Nd2 dxe4 4.Nxe4 Bf5 5.Ng3 Bg6 6.h4 h6 7.Nf3 Nd7 8.h5 Bh7
9.Bd3 Bxd3 10.Qxd3 Ngf6 11.Bf4 Qa5+ 12.Bd2 Qc7 13.O-O-O O-O-O 14.Qe2 e6 
15.Ne5 Nb6 16.Ba5 Bd6 17.Kb1 c5 18.c3 Kb8 19.dxc5 Bxc5 20.f4 Nfd5 21.Qf3 
f6 22.Ng6 Rhe8 23.Rhe1 Ne3 24.Rxd8+ Qxd8 25.Qe2 Nec4 26.Rd1 Qc7 27.Bxb6 
Bxb6 28.Nh4 Qc6 29.Nf3 Ne3 30.Rd3 Nd5 31.Qe4 Bf2 32.Ne2 Rd8 33.Ka1 Rc8 34.
Ned4 Qa6 35.Rd1 Qa4 36.Rf1 Be3 37.Qxe6 Qc4 38.Rd1 Bxd4 39.Nxd4 Nxf4 40.Qg4
Nd5 41.Qxg7 Nb4 42.Qg3+ Ka8 43.b3 Qxc3+ 44.Qxc3 Rxc3 45.a3 Rd3 46.Rxd3 
Nxd3 47.Nf5 Nf4 48.g4 Kb8 49.Nxh6 Kc7 50.Ng8 f5 51.gxf5 Nxh5 52.f6 Nf4 53.
f7 Ng6 54.Nf6 Nf8 55.Kb2 Kd6 56.Ne4+ Ke7 57.Kc3 Ne6 58.Kc4 Nd8 59.Nd6 b6 
60.Nc8+ Kxf7 61.Nxa7 Ne6 62.b4 Nc7 63.Nb5 1-0

[Event "2nd American Continental"]
[Site "Buenos Aires ARG"]
[Date "2003.08.21"]
[Round "4"]
[White "Kudrin, Sergey"]
[Black "Garcia, Gildardo"]
[Result "1-0"]
[WhiteElo "2538"]
[BlackElo "2473"]
[EventDate "2003.08.17"]
[PlyCount "63"]

1.e4 c5 2.Nf3 d6 3.d4 cxd4 4.Nxd4 Nf6 5.Nc3 a6 6.Bc4 e6 7.Bb3 b5 8.Bg5 Be7
9.Qf3 Qb6 10.O-O-O O-O 11.g4 b4 12.Na4 Qb7 13.Bxf6 Bxf6 14.h4 Nd7 15.g5 
Be7 16.Rhg1 Nc5 17.Nxc5 dxc5 18.Nf5 exf5 19.Bd5 Qb8 20.exf5 Ra7 21.f6 Be6 
22.fxe7 Rxe7 23.h5 Qe5 24.Rde1 Qd4 25.Qe4 Qxf2 26.Rgf1 Qd4 27.g6 hxg6 28.
hxg6 Bxd5 29.Qxe7 Bxa2 30.Re4 Qd5 31.Rh4 Qd8 32.Rfh1 1-0

[Event "2nd American Continental"]
[Site "Buenos Aires ARG"]
[Date "2003.08.21"]
[Round "4"]
[White "Labollita, Martin"]
[Black "Liascovich, Lucas"]
[Result "1-0"]
[WhiteElo "2454"]
[BlackElo "2310"]
[EventDate "2003.08.17"]
[PlyCount "61"]

1.Nf3 Nf6 2.c4 e6 3.Nc3 d5 4.d4 Bb4 5.cxd5 exd5 6.Bg5 h6 7.Bh4 c5 8.e3 Nc6
9.Be2 g5 10.Bg3 Ne4 11.Rc1 h5 12.dxc5 Nxc3 13.bxc3 Bxc5 14.h4 g4 15.Nd4 
Nxd4 16.exd4 Bd6 17.O-O Be6 18.c4 dxc4 19.Bxc4 Bxc4 20.Rxc4 Kf8 21.Qd2 Kg7
22.Rb1 b6 23.Rb5 f6 24.Rd5 Bf4 25.Bxf4 Qxd5 26.Rc7+ Kg6 27.Qc2+ f5 28.Be5 
Qe4 29.Rg7+ Kh6 30.Qc7 Rad8 31.Rg6+ 1-0

[Event "2nd American Continental"]
[Site "Buenos Aires ARG"]
[Date "2003.08.21"]
[Round "4"]
[White "Lanza, Diego"]
[Black "Cruz Condori, Alfredo"]
[Result "1-0"]
[WhiteElo "2067"]
[BlackElo "2244"]
[EventDate "2003.08.17"]
[PlyCount "67"]

1.Nf3 c5 2.g3 Nc6 3.Bg2 g6 4.O-O Bg7 5.d3 e6 6.Nbd2 Nge7 7.e4 d5 8.Re1 O-O
9.Rb1 a5 10.h4 h6 11.c3 a4 12.e5 Kh7 13.Nf1 Nf5 14.Bf4 Bd7 15.N1h2 b5 16.
Qd2 Qe7 17.Bh3 b4 18.d4 c4 19.h5 Rfb8 20.Kg2 Rb7 21.g4 Nh4+ 22.Nxh4 Qxh4 
23.Nf3 Qe7 24.g5 Qf8 25.hxg6+ fxg6 26.gxh6 Bxh6 27.Bxh6 Qxh6 28.Ng5+ Kg8 
29.Rh1 bxc3 30.bxc3 Rxb1 31.Bxe6+ Bxe6 32.Rxh6 Bf5 33.Qf4 Ne7 34.Rh8+ 1-0

[Event "2nd American Continental"]
[Site "Buenos Aires ARG"]
[Date "2003.08.21"]
[Round "4"]
[White "Leeuw, Pablo Gabriel"]
[Black "Burgos, Carlos"]
[Result "0-1"]
[WhiteElo "2110"]
[BlackElo "2335"]
[EventDate "2003.08.17"]
[PlyCount "46"]

1.e4 Nc6 2.d4 e5 3.d5 Nce7 4.Bc4 Ng6 5.Nf3 Bc5 6.Be3 Qe7 7.Nc3 Nf6 8.Qe2 
a6 9.a3 Bxe3 10.fxe3 b5 11.Bd3 Qc5 12.h3 h5 13.g3 c6 14.Qd2 Bb7 15.b4 Qe7 
16.O-O cxd5 17.Be2 dxe4 18.Ng5 Rc8 19.Rxf6 gxf6 20.Ngxe4 Rxc3 21.Nxc3 Qe6 
22.e4 Qxh3 23.Qd3 Nf4 0-1